000 00358nam a2200133Ia 4500
008 190216s9999||||xx |||||||||||||| ||und||
100 _aSubhash Chandra Rastogi And Satish Kumar Agarwala
245 0 _aChemistry Of Natural Products
250 _a1st Ed.
260 _bJaiprakashnath&Co:
_c1978
300 _a454
650 _aChemistry-Chemistry
942 _cBK
999 _c2072
_d2072